| 000 | 01016nam a2200241Ia 4500 | ||
|---|---|---|---|
| 999 |
_c50931 _d50931 |
||
| 001 | 17886 | ||
| 003 | GE_BSU | ||
| 005 | 20200227155537.0 | ||
| 008 | 181216s1986 xx |||||||||||||| ||geo|| | ||
| 040 | _cGE_BSU | ||
| 041 | _ageo | ||
| 080 | _a821.353.1–13 რ–93 | ||
| 100 |
_aრუსთაველი, შოთა. _93634 |
||
| 245 |
_aვეფხისტყაოსანი : _bპოემა / _cრუსთაველი შოთა ; რედ. თ.დაუშვილი ; მხატვ. ზ. ფორჩხიძე. |
||
| 264 |
_aთბილისი : _bსაბჭ. საქართველო, _c1986 |
||
| 300 |
_a286 გვ.: _c19 სმ. |
||
| 653 | _aვეფხისტყაოსანი | ||
| 653 | _aპოემა | ||
| 653 | _aქართული ლიტერატურა | ||
| 700 |
_aდაუშვილი, თ _eრედაქტორი _95376 |
||
| 700 |
_aფორჩხიძე, ზ _eმხატვარი _94289 |
||
| 942 |
_cBK _2udc |
||